000 00306nam a2200133Ia 4500
008 230818s2005 xx 000 0 und d
041 _aeng
100 _aGrisewood
245 _aChildren illusrated dictionary
260 _bImpuse pub.
_c2005
300 _a379p
520 _aGeneral
999 _c852088
_d852088
650 _aGeneral